| 000 | 00534nam a2200157Ia 4500 | ||
|---|---|---|---|
| 001 | IA_4738,12/04/2012,21/05/2012,5232272011 mx tl 8222223322spa16," | ||
| 002 | 2011 | ||
| 008 | 220117s xx 000 0 und d | ||
| 010 | _a184238 | ||
| 090 | _aTesis H47 2011 | ||
| 100 |
_aHernández García _9155437 |
||
| 504 | _aBibliografía: p. 55-56 | ||
| 520 | _aEl presente trabajo tuvo como objetivos | ||
| 942 | _ccooperación y aportación de los agroindustriales | ||
| 999 |
_c184238 _d184238 |
||